[Event "Speed Chess Super Swiss"]
[Site "Chess.com INT"]
[Date "2021.10.16"]
[Round "1"]
[White "Zhukov, Maksim"]
[Black "Izoria, Zviad"]
[Result "1/2-1/2"]
[WhiteElo "1946"]
[BlackElo "2602"]
[PlyCount "119"]
[EventDate "2021.10.16"]
[EventType "swiss (blitz)"]
[EventRounds "15"]
[EventCountry "USA"]
[SourceTitle "CBM 204 Extra"]
[Source "ChessBase"]
[SourceDate "2021.11.30"]
[SourceVersion "1"]
[SourceVersionDate "2021.11.30"]
[SourceQuality "1"]

1. Nf3 Nf6 2. g3 d5 3. Bg2 c6 4. 0-0 Bg4 5. h3 Bh5 6. c4 e6 7. d3 Be7 8. Nbd2 0-0 9. b3 Nbd7 10. Bb2 a5 11. a3 Qb6 12. Qc1 h6 13. Bc3 Qa6 14. Qb2 b5 15. cxb5 cxb5 16. g4 Bg6 17. Ne5 Nxe5 18. Bxe5 Rfc8 19. Rfc1 Qb6 20. Nf3 Bc5 21. Bd4 Nd7 22. b4 Bxd4 23. Qxd4 axb4 24. axb4 Qd6 25. Rxa8 Rxa8 26. Qc3 Nb6 27. Qc5 Qxc5 28. Rxc5 Na4 29. Rxb5 Nc3 30. Rb7 Nxe2+ 31. Kh2 Bxd3 32. Ne5 Bg6 33. Nxg6 fxg6 34. b5 Ra2 35. b6 Rb2 36. h4 Nf4 37. Kg3 g5 38. hxg5 hxg5 39. Bf1 Rb3+ 40. f3 e5 41. Kf2 Kf8 42. Ba6 e4 43. fxe4 dxe4 44. Rf7+ Kxf7 45. Bc4+ Ke7 46. Bxb3 Kd6 47. Ke3 Kc6 48. Kxe4 Kxb6 49. Kf5 Nh3 50. Bd5 Nf2 51. Kxg5 Nxg4 52. Kxg4 Kc5 53. Be4 Kd6 54. Bg6 Ke7 55. Kh5 Kd6 56. Kg5 Kc5 57. Bh5 Kb4 58. Bf7 Kc5 59. Kg6 Kb4 60. Kxg7 1/2-1/2